=LDR 00000nam 2200000 4500 =001 INLIS000000000042443 =005 20131008015231 =008 ***********************************ind** =035 ##$$0010-101300000000365 =041 ##$$a ind =082 ##$$a 615.321 =090 ##$$a 615.321, Sri s =100 ##$$a Sri Nooyani bardan =245 ##$$a Sehat dengan jamu tradisional, Sri Nooryani Bardan; Editor, M. g hesti puji rastuti =260 ##$$a 2007 $b Jakarta =300 ##$$a Iv,44 hlm, Ilus, 22 cm =650 ##$$a JAMU =700 ##$$a M. G. Hesti Puji Rastuti =850 ##$$a NBPNMAT